Statistics for Countries That Harry Styles Have Been To During His World Tour

Click here to take the quiz!

General Stats

  • This quiz has been taken 278 times
  • The average score is 15 of 24

Answer Stats

Answer% Correct
United States
97%
United Kingdom
89%
France
86%
Germany
86%
Spain
85%
Italy
84%
Canada
75%
Brazil
71%
Mexico
71%
Australia
68%
Japan
67%
Ireland
66%
Argentina
63%
Sweden
62%
Netherlands
56%
Belgium
55%
Denmark
55%
Norway
54%
Chile
48%
Switzerland
41%
New Zealand
40%
Thailand
24%
Singapore
15%
Phlippines
0%

Score Distribution

Percentile by Number Answered

Percent of People with Each Score

Your Score History

You have not taken this quiz